书目信息 |
| 题名: |
黄庭坚行书临习技法精解
|
|
| 作者: | 周世闻 编著 | |
| 分册: | ||
| 出版信息: | 郑州 中州古籍出版社 2020.6 |
|
| 页数: | 86页 | |
| 开本: | 34cm | |
| 丛书名: | 历代名家碑帖临习技法精解 | |
| 单 册: | ||
| 中图分类: | J292.112.5 , J292.113.5 | |
| 科图分类: | ||
| 主题词: | 行书--书法--中国--北宋 | |
| 电子资源: | ||
| ISBN: | 978-7-5348-5902-1 | |
| 000 | 01083nam 2200277 45 | |
| 001 | 489795 | |
| 005 | 20140818162054.0 | |
| 010 | @a978-7-5348-5902-1@dCNY30.00 | |
| 099 | @aCAL 012017079456 | |
| 100 | @a20170515d2016 em y0chiy0110 ea | |
| 101 | 0 | @achi |
| 102 | @aCN@b410000 | |
| 105 | @ah z 000yy | |
| 106 | @ar | |
| 200 | 1 | @a黄庭坚行书临习技法精解@Ahuang ting jian xing shu lin xi ji fa jing jie@f周世闻编著 |
| 210 | @a郑州@c中州古籍出版社@d2020.6 | |
| 215 | @a86页@c摹真@d34cm | |
| 225 | 2 | @a历代名家碑帖临习技法精解@Ali dai ming jia bei tie lin xi ji fa jing jie |
| 330 | @a黄庭坚, 字鲁直,号山谷道人,北宋著名诗人,乃江西诗派祖师。也是豪放派代表词人代表之一。书法成就最高,被誉为宋四家之一。黄庭坚大字行书凝练有力,结构奇特,在用笔上追求迟涩抖擞的用笔方法。本书选择其行书《发愿文》等6种作品进行精解。 | |
| 461 | 0 | @12001 @a历代名家碑帖临习技法精解 |
| 606 | 0 | @a行书@x书法@y中国@z北宋 |
| 690 | @aJ292.112.5@v5 | |
| 690 | @aJ292.113.5@v5 | |
| 701 | 0 | @a周世闻@Azhou shi wen@4编著 |
| 801 | @aCN@b江苏凤凰@c20211018 | |
| 905 | @b1356405-7@dJ292.112.5@e720@f3 | |
| 黄庭坚行书临习技法精解/周世闻编著.-郑州:中州古籍出版社,2020.6 |
| 86页:摹真;34cm.-(历代名家碑帖临习技法精解) |
| ISBN 978-7-5348-5902-1:CNY30.00 |
| 黄庭坚, 字鲁直,号山谷道人,北宋著名诗人,乃江西诗派祖师。也是豪放派代表词人代表之一。书法成就最高,被誉为宋四家之一。黄庭坚大字行书凝练有力,结构奇特,在用笔上追求迟涩抖擞的用笔方法。本书选择其行书《发愿文》等6种作品进行精解。 |
| ● |
| 相关链接 |
|
|
|
|
正题名:黄庭坚行书临习技法精解
索取号:J292.112.5/720
 
预约/预借
| 序号 | 登录号 | 条形码 | 馆藏地/架位号 | 状态 | 备注 |
| 1 | 1356405 | 213564052 | 第一样本阅览室/ [索取号:J292.112.5/720] | 在馆 | |
| 2 | 1356406 | 213564061 | 第一借阅区/ [索取号:J292.112.5/720] | 在馆 | |
| 3 | 1356407 | 213564070 | 第一借阅区/ [索取号:J292.112.5/720] | 在馆 |